| 000 | 00436nam a2200217Ia 4500 | ||
|---|---|---|---|
| 003 | IT-RoPAU | ||
| 008 | 120407s9999 xx 000 0 und d | ||
| 040 | _aIT-RoPAU | ||
| 040 | _cIT-RoPAU | ||
| 041 | _afra | ||
| 100 | _aPierre Biard | ||
| 245 | _aLa puissance de Dieu | ||
| 250 | _aParis | ||
| 260 | _aBloud & Gay | ||
| 260 | _c1960 | ||
| 300 | _a206 p. | ||
| 300 | _c25 cm | ||
| 490 | _v1 | ||
| 942 | _cBK | ||
| 999 |
_c28613 _d28613 |
||